LEADER 03443nam 2200553 450 001 9910467366803321 005 20200923020339.0 010 $a90-04-31114-9 024 7 $a10.1163/9789004311145 035 $a(CKB)4100000000775609 035 $a(MiAaPQ)EBC5151523 035 $a 2017022711 035 $a(nllekb)BRILL9789004311145 035 $a(Au-PeEL)EBL5151523 035 $a(CaPaEBR)ebr11468627 035 $a(OCoLC)1012811294 035 $a(EXLCZ)994100000000775609 100 $a20171219h20182018 uy 0 101 0 $aeng 135 $aurcnu|||||||| 181 $2rdacontent 182 $2rdamedia 183 $2rdacarrier 200 12$aA transnational human rights approach to human trafficking $eempowering the powerless /$fby Yoon Jin Shin 210 1$aLeiden, The Netherlands ;$aBoston, [Massachusetts] :$cBrill Nijhoff,$d2018. 210 4$dİ2018 215 $a1 online resource (327 pages) 225 1 $aStudies in Intercultural Human Rights,$x1876-9861 ;$vVolume 8 311 $a90-04-31113-0 320 $aIncludes bibliographical references and index. 327 $aFront Matter -- Contents -- Introduction: Comprehending Human Trafficking as a Transnational Human Rights Problem -- Analysis of Current Legal Institutional Responses: International and Regional Levels -- Analysis of Current Legal Institutional Responses: National Level -- Case Study 1: South Korea* -- Case Study 2: Taiwan -- International Human Rights Law in the Context of Human Trafficking -- Alternative Approaches and Remedies: A Transnational Human Rights Framework*. 330 $aIn A Transnational Human Rights Approach to Human Trafficking: Empowering the Powerless , Yoon Jin Shin proposes an innovative approach to empower individuals victimized by human trafficking, one of the most serious human rights challenges in today?s world of globalization and migration. Based on thorough empirical research and extensive comparative studies, Shin illuminates complex realities of migrant individuals experiencing trafficking situations and the problems of the current anti-trafficking regime driven by destination countries? self-interest in crime and border control. Shin suggests an alternative transnational human rights framework, in which victimized migrants, who have been treated as passive targets of victim-witness protection or immigration regulation, finally attain their true voices as empowered rights-holders and effectively exercise their human, civil, and labor rights. Shin received the 2014-2015 Ambrose Gherini Prize, the highest prize awarded in the field of International Law by Yale Law School, for her doctoral dissertation on which this book is based. 410 0$aStudies in intercultural human rights ;$vVolume 8. 606 $aHuman trafficking (International law) 606 $aInternational law and human rights 606 $aHuman trafficking$xPrevention$xInternational cooperation 608 $aElectronic books. 615 0$aHuman trafficking (International law) 615 0$aInternational law and human rights. 615 0$aHuman trafficking$xPrevention$xInternational cooperation. 676 $a345.02551 700 $aShin$b Yoon Jin$0938732 801 0$bMiAaPQ 801 1$bMiAaPQ 801 2$bMiAaPQ 906 $aBOOK 912 $a9910467366803321 996 $aA transnational human rights approach to human trafficking$92115798 997 $aUNINA LEADER 00797nam0-2200265 --450 001 9910853097203321 005 20240520155522.0 010 $a1851661603 100 $a20240520d1988----kmuy0itay5050 ba 101 0 $aeng 102 $aGB 105 $aa 001yy 200 1 $aBioreactor immobilized enzymes and cells$efundamentals and applications$fedited by Murray Moo-Young 210 $aLondon$aNew York$cElsevier Applied Science$dc1988 215 $aXVI, 327 p.$cill.$d23 cm 610 0 $aEnzimi 676 $a547.758$v23$zita 702 1$aMoo-Young,$bMurray 801 0$aIT$bUNINA$gREICAT$2UNIMARC 901 $aBK 912 $a9910853097203321 952 $aA MIC 1419$b7522/2024$fFAGBC 959 $aFAGBC 996 $aBioreactor immobilized enzymes and cells$93626900 997 $aUNINA